| Tag |
First Indicator |
Second Indicator |
Subfields |
| LEADER |
00000cam a2200000Ia 4500 |
| 001 |
in00002317536 |
| 005 |
20190326202434.0 |
| 006 |
m | d | |
| 007 |
cr |n||||||||n |
| 008 |
901119s1791 xx s 000 0 eng d |
| 040 |
|
|
|a TXA
|c GKS
|d OCL
|d Thomson Gale
|d UtOrBLW
|
| 043 |
|
|
|a e-uk-en
|
| 110 |
1 |
|
|a Lincolnshire (England)
|
| 245 |
1 |
3 |
|a An Act for Dividing and Inclosing the Open Common Fields, Meadows, Pastures, and Other Commonable Lands and Waste Grounds, in the Lordship of Ludford, in the County of Lincoln.
|
| 264 |
|
1 |
|a [Place of publication not identified] :
|b [publisher not identified],
|c 1791.
|
| 300 |
|
|
|a 36 pages
|
| 336 |
|
|
|a text
|b txt
|2 rdacontent
|
| 337 |
|
|
|a computer
|b c
|2 rdamedia
|
| 338 |
|
|
|a online resource
|b cr
|2 rdacarrier
|
| 500 |
|
|
|a Caption title.
|
| 500 |
|
|
|a "31 Geo. III. 1791."--Endorsement.
|
| 500 |
|
|
|a Reproduction of original from Goldsmiths' Library, University of London.
|
| 500 |
|
|
|a Goldsmiths'-Kress number 14647.
|
| 510 |
4 |
|
|a OCLC,
|c 22713759
|
| 533 |
|
|
|a Electronic reproduction.
|b Farmington Hills, Mich. :
|c Thomson Gale,
|d 2005.
|f (The making of the modern world).
|n Available via the World Wide Web.
|n Access limited to licensing agreements.
|7 s2005 miunns
|
| 500 |
|
|
|a Electronic resource.
|
| 650 |
|
0 |
|a Land tenure
|x Law and legislation
|z Great Britain.
|
| 650 |
|
0 |
|a Inclosures
|z England
|z Lincolnshire.
|
| 651 |
|
0 |
|a Lincolnshire (England)
|x Rural conditions.
|
| 655 |
|
0 |
|a Electronic books.
|
| 710 |
1 |
|
|a Great Britain.
|
| 830 |
|
0 |
|a Making of the modern world (Goldsmiths'-Kress Library of Economic Literature)
|
| 856 |
4 |
0 |
|u http://proxy.library.tamu.edu/login?url=http://galenet.galegroup.com/servlet/MOME?af=RN&ae=U102328889&srchtp=a&ste=14&locID=txshracd2898
|z Connect to the full text of this electronic book
|t 0
|
| 999 |
|
|
|a MARS
|
| 999 |
f |
f |
|s 48ee3e05-0cdb-346b-b6f4-3629249b193f
|i d2657ed0-9d81-3e4c-a849-eb92fdc16139
|t 0
|
| 952 |
f |
f |
|a Texas A&M University
|b College Station
|c Electronic Resources
|d Available Online
|t 0
|h No information provided
|
| 998 |
f |
f |
|t 0
|l Available Online
|